000 00265nam a22001097a 4500
003 OSt
008 231114b |||||||| |||| 00| 0 eng d
041 _aeng
245 _aTantrasamuccaya
260 _aThiruvananthapuram :
_bUniversity of Travancore
_c1942.
942 _cBK
999 _c17799
_d17799